Maria Edgeworth: Correspondence and Papers, 1815-1817

Bibliographic Details
Corporate Author: Adam Matthew Digital (Firm) (digitiser.)
Format: eBook
Language:English
Published: Marlborough, Wiltshire : Adam Matthew Digital, 2020.
Series:AM Scholar: Women's Studies.
Subjects:
Online Access:Connect to the full text of this electronic book

MARC

Tag First Indicator Second Indicator Subfields
LEADER 00000cam a22000007i 4500
001 in00005489913
006 m o u
007 cr |n|---uuuuu
008 200312s2020 enk o ||| 0 eng d
005 20240917182456.7
035 |a (OCoLC)on1244008290 
040 |a UKAMD  |b eng  |c UKAMD  |d OCLCO  |d OCLCQ 
035 |a (OCoLC)1244008290 
049 |a TXAM 
245 0 0 |a Maria Edgeworth: Correspondence and Papers, 1815-1817  |g 1815-1817. 
264 1 |a Marlborough, Wiltshire :  |b Adam Matthew Digital,  |c 2020. 
300 |a 1 online resource. 
336 |a text  |b txt  |2 rdacontent 
337 |a computer  |b c  |2 rdamedia 
338 |a online resource  |b cr  |2 rdacarrier 
490 1 |a AM Scholar: Women's Studies. 
500 |a AMDigital Reference: MS 10166/7 (1129-1260). 
534 |p Reproduction of:  |t Maria Edgeworth: Correspondence and Papers, 1815-1817  |c 1815-1817. 
535 1 |a National Library of Ireland 
542 |f Material sourced from the National Library of Ireland 
588 0 |a Description based on online resource (viewed on March 12, 2020). 
655 7 |a Electronic books.  |2 local 
710 2 |a Adam Matthew Digital (Firm),  |e digitiser. 
830 0 |a AM Scholar: Women's Studies. 
856 4 0 |u http://proxy.library.tamu.edu/login?url=https://www.amscholar.amdigital.co.uk/Documents/Details/WomenEducationAndLiterature_Part2_Reel8_Vol1  |z Connect to the full text of this electronic book  |t 0 
936 |a BATCHLOAD 
955 |a Adam Matthew Scholar Women's Studies 
994 |a 92  |b TXA 
999 f f |s af8813a5-2b02-4465-9915-84161c40f6bd  |i 613f56cc-5f27-49b8-8567-76f7c8858fb3  |t 0 
952 f f |a Texas A&M University  |b College Station  |c Electronic Resources  |d Available Online  |t 0  |h Library of Congress classification 
998 f f |t 0  |l Available Online